| 000 | 00584nam a2200193Ia 4500 | ||
|---|---|---|---|
| 001 | 65984 | ||
| 008 | 230711n2015 ii |||gr||||Z||||||465 | ||
| 020 | _a9788120802650 | ||
| 082 | _a891.2 | ||
| 100 |
_aWinternitz Maurice., _eAuthor., |
||
| 245 | 0 |
_aA History of Indian Literature Vol II _cMaurice Winternitz _hTextual Documents |
|
| 250 |
_a6th / _bReprint. |
||
| 260 |
_aDelhi _bMotilal Banarsidass Publishers _c2015 |
||
| 300 |
_axiii,640p.: _c22cm,. |
||
| 653 | _aSanskrit | ||
| 653 | _aHistory of Indian Literature | ||
| 653 | _aBuddhist and Jaina Literature | ||
| 942 |
_2ddc _cBK |
||
| 999 |
_c67077 _d67077 |
||